LEADER 01025nam0 2200277 450 001 000006219 005 20051222094401.0 010 $a88-464-6653-5 100 $a20051222d2005----km-y0itay50------ba 101 0 $aita 102 $aIT 105 $ay-------001yy 200 1 $aAzione pubblica e imprenditorialità$el'esperienza dei Patti territoriali in Campania$fa cura di Francesco Paolo Cerase$gscritti di F. P. Cerase... [et al.] 210 $aMilano$cFranco Angeli$dc2005 215 $a222 p.$d23 cm 225 2 $aCollana di sociologia$v1 410 0$12001$aCollana di sociologia 610 1 $aSviluppo economico e pianificazione territoriale$aCampania$aInchieste 2004 610 1 $aImprese$aFinanziamenti pubblici$aCampania$aInchieste 2004 676 $a338.94572$v20 700 1$aCerase,$bFrancesco Paolo$040090 801 0$aIT$bUNIPARTHENOPE$c20051222$gRICA$2UNIMARC 912 $a000006219 951 $a338-A/21$b38202$cNAVA1$d2005 996 $aAzione pubblica e imprenditorialità$91205312 997 $aUNIPARTHENOPE